000 01024am a2200361a 44500
003 AR-BaBNM
005 20251128210641.0
008 090120s2000 #AR|||||||||||000 | spa||
020 _a84-249-2463-0
040 _cAR-BaBNM
100 0 _aEsquilo
245 1 0 _aTragedias ;
_bLos persas ; Los siete contra Tebas ; Agamenón ; Las coéforas ; Las euménides ; Prometeo encadenado
260 _aMadrid
_bGredos
_c2000
300 _axxxviii, 312 p.
490 0 _aBiblioteca básica Gredos
_vv. 4
650 4 _aLITERATURA GRIEGA
650 4 _aTRAGEDIA
650 4 _aTEATRO ANTIGUO
650 4 _aARTE ANTIGUO
650 4 _aMITOLOGIA
650 4 _aRELIGION
655 _aLITERATURA
700 1 _aRodríguez Adrados, Francisco
_eprologuista
700 1 _aPerea Morales, Bernardo
_etraductor
740 0 _aLos persas
740 0 _aLos siete contra Tebas
740 0 _aAgamenón
740 0 _aLas coéforas
740 0 _aLas euménides
740 0 _aPrometeo encadenado
942 _cBK
998 _cMARTIN
999 _c16312
_d16312